KOHA-Header-6

Computer Network Protocols. Standards and Interface (Record no. 44)

000 -LEADER
fixed length control field 00319nam a2200121Ia 4500
008 - FIXED-LENGTH DATA ELEMENTS--GENERAL INFORMATION
fixed length control field 190722s9999 xx 000 0 und d
020 ## - INTERNATIONAL STANDARD BOOK NUMBER
International Standard Book Number 978-93-325-4952-4
100 ## - MAIN ENTRY--PERSONAL NAME
Personal name Uyless Black
245 #0 - TITLE STATEMENT
Title Computer Network Protocols. Standards and Interface
260 ## - PUBLICATION, DISTRIBUTION, ETC. (IMPRINT)
Place of publication, distribution, etc New Delhi
Name of publisher, distributor, etc Pearson Edu.
Date of publication, distribution, etc 2015
300 ## - PHYSICAL DESCRIPTION
Extent 436
942 ## - ADDED ENTRY ELEMENTS (KOHA)
Koha item type Books
Holdings
Withdrawn status Lost status Damaged status Not for loan Collection code Permanent Location Current Location Shelving location Date acquired Total Checkouts Full call number Barcode Date last seen Date checked out Price effective from Koha item type
        Computer Networking MAJU MAJU Shelf No.A33 2019-07-22 1 4.6 6670 2020-01-27 2020-01-18 2019-07-22 Computer Networking

Powered by Koha